| 000 | 00976nam a22002657a 4500 | ||
|---|---|---|---|
| 005 | 20170123162349.0 | ||
| 010 | _aB-283989 | ||
| 020 |
_c62.00 _a8175871431 |
||
| 035 | _aB-283989 | ||
| 037 | _bCen Lib/Ret | ||
| 040 |
_aDPL _bUR |
||
| 082 |
_a612 _bم ح م |
||
| 100 |
_aمحمّد کمال الدین حسین ہمدانی _9135706 |
||
| 245 |
_aتشریح ال احشاہ / _cمحمّد کمال الدین حسین ہمدانی |
||
| 246 |
_aTashrih -ul-ahsha / _bby Mohammad Kamal-Ud-Din Husain Hamdani |
||
| 260 |
_aنیی دہلی _bقومی کونسل برائی فروغ اردو زبان _c2006 |
||
| 270 |
_bنیی دہلی _e110066 _aویسٹ بلاک ١، ار.کے. پرم |
||
| 300 |
_a257p. _c21cm(Hb) |
||
| 500 | _aکتابیات | ||
| 650 |
_a میڈیکل سائنس _9646 |
||
| 650 |
_a آنتوں. _9135707 |
||
| 650 |
_aMedical science _9135708 |
||
| 650 |
_aIntestines. _9135709 |
||
| 942 |
_2ddc _cUR _h612 _mم ح م |
||
| 999 |
_c109143 _d109143 |
||